Commanders 25/26 Starting Roster - Statistics

General Stats
  • This quiz has been taken 51 times
  • The average score is 6 of 11
Answer Stats
Hint Answer % Correct
QB Jayden Daniels
100%
TE Zach ertz
69%
WR Deebo Samuel
67%
WR Terry Mclaurin
55%
WR Noah Brown
50%
RB Austin Ekeler
48%
LT Laremy Tunsil
40%
RG Sam Cosmi
38%
RT Josh Conerly
33%
C Tyler Biadasz
29%
LG Brandon Coleman
24%
No matching quizzes found
Score Distribution
Percent of People with Each Score
Percentile by Number Answered
Your Score History
You have not taken this quiz